Rubber and plastics testing (Record no. 19772)

MARC details
000 -LEADER
fixed length control field 00342nam a2200133Ia 4500
082 ## - DEWEY DECIMAL CLASSIFICATION NUMBER
Classification number NR:62:678.5
Item number KLU
100 ## - MAIN ENTRY--AUTHOR NAME
Personal name Kluckow, P
245 #0 - TITLE STATEMENT
Title Rubber and plastics testing
260 ## - PUBLICATION, DISTRIBUTION, ETC. (IMPRINT)
Place of publication London
Name of publisher Chapman and Hall
Year of publication 1963
650 ## - SUBJECT ADDED ENTRY--TOPICAL TERM
Topical Term Plastics testing
650 ## - SUBJECT ADDED ENTRY--TOPICAL TERM
Topical Term Rubber testing
942 ## - ADDED ENTRY ELEMENTS (KOHA)
Koha item type Books
Holdings
Withdrawn status Lost status Damaged status Not for loan Home library Current library Date acquired Full call number Accession Number Koha item type
        RRII Library RRII Library 16/12/2021 NR:62:678.5 KLU 00502 Books